| 000 | 00794nam a2200241 a 4500 | ||
|---|---|---|---|
| 001 | 5980 | ||
| 003 | BD-RjUL | ||
| 005 | 20211208234150.0 | ||
| 008 | 160906r19661952ii ab 000 0 eng | ||
| 035 | _a(BD-RjUL)6019 | ||
| 040 |
_aDLC _cKSU _dUKM _dBD-RjUL _beng |
||
| 041 | _aeng | ||
| 082 |
_a355.00971 _bSHS 1966 _223 |
||
| 100 | 1 |
_aSheppard, Eric William, _d1890- _918804 |
|
| 245 | 1 | 4 |
_aThe study of military history / _cEric William Sheppard |
| 250 | _a3rd. rev. & enl. ed. | ||
| 260 |
_aIndia : _bNatraj Publisher, _c1952 [reprinted 1966]. |
||
| 300 |
_a144 p. : _bill. ; _c23 cm. |
||
| 500 | _a"First published as Military history for the Staff College entrance examination in 1931." | ||
| 650 | 0 |
_aMilitary history. _918805 |
|
| 650 | 0 |
_aMilitary art and science. _918806 |
|
| 942 |
_2ddc _cBK |
||
| 999 |
_c5980 _d5980 |
||